LEADER 01275nam2-2200409li-450 001 990000108660203316 005 20180312154845.0 010 $a88-7708-000-0 035 $a0010866 035 $aUSA010010866 035 $a(ALEPH)000010866USA01 035 $a0010866 100 $a20001109d1985----km-y0itay0103----ba 101 0 $aita 102 $aIT 200 1 $aProgrammare in Logo$euna guida pratica per genitori, insegnanti e ragazzi$fdi Anna Moller$gtraduzione di T. Policastro 205 $a[1. ed. italiana 210 $aCinisello Balsamo$cJacopo Castelfranchi editore$dcopyr. 1985 215 $a209 p.$cill.$d21 cm 225 2 $aEdizioni JCE$v85 312 $aTrad. di: logo programming 410 0$10010010867$12001$aEdizioni JCE 610 1 $alinguaggio logo$aguide 676 $a001642$9. 700 1$aMoller,$bAnne$0745772 702 1$aPolicastro,$bT. 801 $aSistema bibliotecario di Ateneo dell' Università di Salerno$gRICA 912 $a990000108660203316 951 $a001.642 4 MOL$b0011132 959 $aBK 969 $aSCI 979 $c19900119 979 $c20001110$lUSA01$h1711 979 $c20020403$lUSA01$h1618 979 $aPATRY$b90$c20040406$lUSA01$h1608 996 $aProgrammare in Logo$91487658 997 $aUNISA LEADER 00667nam 2200241 450 001 9910646394203321 005 20230221124919.0 100 $a20230221d1995----u y0engy50 ba 101 0 $aita 102 $aIT 105 0 $a 00 200 1 $aScugnizzi derubati$eGiuseppe Basadonna 210 $aNapoli$cEdizioni ANIAI Campania$dstampa 1995 215 $a106 p.$cill.$d24 cm 610 0 $aGiovani$aNapoli 700 1$aBasadonna,$bGiuseppe$039491 801 2$aIT$bUNINA$gREICAT$2UNIMARC 901 $aBK 912 $a9910646394203321 952 $aFONDO ROSSI 3742$bROSSI 3863$fFARBC 959 $aFARBC 996 $aScugnizzi derubati$93010702 997 $aUNINA